[Event "Challenge"]
[Site "http://www.queenalice.com/game.php?id=531194"]
[Date "2009.1.29"]
[Round "-"]
[White "ASimplePawnOfFate"]
[Black "yuri2090"]
[Result "1-0"]
[WhiteElo "1358"]
[BlackElo "1100"]

1. d4 Nc6 2. e3 Na5 3. Bd3 g5 4. b3 h5 5. Bb2 c5 6. dxc5 h4 7. Bxh8 b5 8. Nd2 g4
9. Be4 Bh6 10. Bxa8 Ba6 11. Bc3 b4 12. Bxb4 Nc4 13. bxc4 Bxc4 14. Be4 Qc7 15.
Nxc4 Nf6 16. Qd3 g3 17. hxg3 hxg3 18. Rxh6 Kd8 19. Rh8+ Ne8 20. Ba5 Qxa5+ 21.
Nxa5 f6 22. Nb7+ Kc7 23. Qa6 d6 24. cxd6+ Nxd6 25. Nxd6 exd6 26. Rh7+ Kd8 27.
Qb7 1-0

[Event "Challenge"]
[Site "http://www.queenalice.com/game.php?id=531195"]
[Date "2009.1.29"]
[Round "-"]
[White "elrey"]
[Black "yuri2090"]
[Result "1-0"]
[WhiteElo "2290"]
[BlackElo "1149"]

1. e4 e5 2. f4 exf4 3. Nf3 Nh6 4. d4 Ng4 5. Bxf4 Bb4+ 6. Nc3 Bxc3+ 7. bxc3 f6 8.
h3 Nh6 9. Bxh6 gxh6 10. Bc4 d6 11. Nd2 f5 12. Qh5+ Kd7 13. Qxf5+ Kc6 14. Qb5#
1-0

[Event "Challenge"]
[Site "http://www.queenalice.com/game.php?id=531212"]
[Date "2009.1.29"]
[Round "-"]
[White "alexp71"]
[Black "yuri2090"]
[Result "1-0"]
[WhiteElo "1855"]
[BlackElo "1126"]

1. c4 Nc6 2. e4 b6 3. Nf3 Nf6 4. Nc3 d6 5. d4 Na5 6. b4 Nh5 7. bxa5 bxa5 8. Qa4+
Bd7 9. Qxa5 Nf4 10. Bxf4 e6 11. c5 dxc5 12. dxc5 Be7 13. Ne5 Qb8 14. Rb1 Qc8 15.
Ba6 Qd8 16. Bb7 Rb8 17. Nc6 Bxc6 18. Bxc6+ Kf8 19. O-O Bf6 20. Rfd1 Rxb1 21.
Rxb1 Qd3 22. Rb8+ Bd8 23. Bd6+ cxd6 24. Qxd8# 1-0

[Event "Challenge"]
[Site "http://www.queenalice.com/game.php?id=531213"]
[Date "2009.1.29"]
[Round "-"]
[White "EL_CHICO"]
[Black "yuri2090"]
[Result "1-0"]
[WhiteElo "2020"]
[BlackElo "1162"]

1. d4 d5 2. c4 dxc4 3. Nc3 Bg4 4. Qa4+ Nc6 5. d5 Bd7 6. dxc6 bxc6 7. Qxc4 Nf6 8.
Bg5 Nh5 9. e4 h6 10. Be3 Be6 11. Qxc6+ Bd7 12. Qb7 Nf6 13. Bxa7 Qc8 14. Qxc8+
Bxc8 15. Bd4 Nh5 16. Bb5+ Bd7 17. Bxd7+ Kxd7 18. O-O-O Nf4 19. Bxg7+ Ke8 20.
Bxh8 Nxg2 21. Nf3 f6 22. e5 f5 23. Rhg1 Nf4 24. a3 Ng6 25. Rxg6 Ra5 26. e6 Ra6
27. Nd5 Rc6+ 28. Kb1 Rc5 29. Rg8 1-0

[Event "Challenge"]
[Site "http://www.queenalice.com/game.php?id=531275"]
[Date "2009.1.29"]
[Round "-"]
[White "yuri2090"]
[Black "charles31"]
[Result "0-1"]
[WhiteElo "1100"]
[BlackElo "1638"]

1. f3 e5 2. e4 Bc5 3. Bb5 c6 4. Nh3 d6 5. d4 Bxd4 6. Be2 Bxh3 7. gxh3 Qh4+ 8.
Kd2 Na6 9. a4 Qg5+ 10. Kd3 Nc5+ 11. Kc4 b5+ 12. axb5 d5+ 13. Kb4 a5+ 14. Ka3 Qe7
15. Qg1 Nxe4+ 16. Kb3 Qb4+ 0-1

[Event "Challenge"]
[Site "http://www.queenalice.com/game.php?id=531288"]
[Date "2009.1.29"]
[Round "-"]
[White "Guillaume"]
[Black "yuri2090"]
[Result "1-0"]
[WhiteElo "1462"]
[BlackElo "1149"]

1. e4 e5 2. Qh5 d6 3. Bc4 g6 4. Qf3 Nf6 5. d3 Bd7 6. Bg5 d5 7. Bxf6 Qc8 8. Bxh8
Bb4+ 9. c3 Ba5 10. Bxd5 Bg4 11. Qxf7+ Kd8 12. Bf6# 1-0

[Event "Challenge"]
[Site "http://www.queenalice.com/game.php?id=531292"]
[Date "2009.1.29"]
[Round "-"]
[White "bhblakie"]
[Black "yuri2090"]
[Result "1-0"]
[WhiteElo "1100"]
[BlackElo "1150"]

1. e4 d6 2. d4 e6 3. b3 Nc6 4. Bb5 a6 5. Bxc6+ bxc6 6. f3 d5 7. e5 c5 8. Ne2 c4
9. Nd2 f6 10. f4 c3 11. Nxc3 Bb4 12. Na4 Bxd2+ 13. Bxd2 fxe5 14. dxe5 Qh4+ 15.
g3 Qh6 16. Nc5 Ne7 17. Bb4 a5 18. Ba3 Nf5 19. Qd3 O-O 20. O-O-O g5 21. g4 Nh4
22. Nxe6 Bxe6 23. Bxf8 Qxf8 24. fxg5 Qf4+ 25. Qd2 Qxe5 26. Qd4 Qxg5+ 27. Kb1 Nf3
28. Qc5 Qe5 29. h3 a4 30. Qa3 d4 31. bxa4 c5 32. Qxf3 Rxa4 33. a3 Bd7 34. Rde1
Qb8+ 35. Kc1 h6 36. Rhf1 Be8 37. Qf8+ Kh7 38. Rxe8 Qxe8 39. Qxe8 Rxa3 40. Qe7+
Kg6 41. Rf6+ Kg5 42. Rf5+ 1-0

[Event "Invitation"]
[Site "http://www.queenalice.com/game.php?id=532931"]
[Date "2009.2.1"]
[Round "-"]
[White "lcchaves13"]
[Black "yuri2090"]
[Result "1-0"]
[WhiteElo "1338"]
[BlackElo "1126"]

1. e4 e5 2. Nf3 f6 3. d4 exd4 4. Nxd4 h5 5. Nf5 g6 6. Nh4 Nh6 7. Nxg6 Rg8 8. Nf4
h4 9. Qh5+ Ke7 10. Nd5+ Ke6 11. Qxh4 Kd6 12. Bc4 Nc6 13. Nxf6 Qe7 14. Qf4+ Ne5
15. Bxg8 Bg7 16. Nd5 Qe6 17. Bxe6 Kxe6 18. Nxc7+ Ke7 19. Nxa8 d6 20. Qg5+ Bf6
21. Qxh6 Bg7 22. Qxg7+ Ke6 23. Nc7# 1-0

[Event "Invitation"]
[Site "http://www.queenalice.com/game.php?id=532932"]
[Date "2009.2.1"]
[Round "-"]
[White "yuri2090"]
[Black "lcchaves13"]
[Result "0-1"]
[WhiteElo "1162"]
[BlackElo "1337"]

1. e4 e5 2. f3 Nf6 3. d3 d5 4. exd5 Nxd5 5. Na3 Qh4+ 6. g3 Qf6 7. Nb5 c6 8. Na3
Na6 9. h3 Bf5 10. g4 Bd7 11. b3 Nc3 12. Bd2 Nxd1 13. Kxd1 Bxa3 14. Bb4 Nxb4 15.
Rc1 Nxa2 16. Ra1 Nc3+ 17. Kd2 Bb4 18. h4 c5 19. h5 e4 20. Be2 Qg5+ 21. f4 Qxf4+
22. Ke1 Nd5+ 23. Kd1 Nc3+ 24. Ke1 Bxg4 25. Bxg4 Qxg4 26. Kd2 Nd5+ 27. c3 Qg2+
28. Kd1 Nxc3+ 29. Ke1 Qxh1 30. Kf1 exd3 31. Re1+ Kf8 32. Re5 f6 33. Re3 Nd5 34.
Re6 d2 35. Re2 d1=Q+ 0-1

[Event "Challenge"]
[Site "http://www.queenalice.com/game.php?id=551516"]
[Date "2009.3.6"]
[Round "-"]
[White "nadigo"]
[Black "yuri2090"]
[Result "1-0"]
[WhiteElo "1145"]
[BlackElo "1143"]

1. e4 Nf6 2. Qf3 d5 3. e5 Nfd7 4. Be2 f6 5. e6 Ne5 6. Qh3 Ng6 7. Nc3 Nf4 8. Qg4
Qd6 9. d4 Bxe6 10. Qf3 Bf5 11. Bxf4 Qb6 12. Nb5 Kf7 13. Bxc7 Qc6 14. Qxf5 g6 15.
Qc8 Qxc2 16. Qxb7 Qxb2 17. Rd1 Bh6 18. Qxd5+ e6 19. Nd6+ Ke7 20. Qxa8 a6 21.
Bxa6 Qc3+ 22. Ke2 Qxc7 23. Nb5 1-0

[Event "Challenge"]
[Site "http://www.queenalice.com/game.php?id=551865"]
[Date "2009.3.7"]
[Round "-"]
[White "supermouze"]
[Black "yuri2090"]
[Result "1-0"]
[WhiteElo "1199"]
[BlackElo "1159"]

1. Nf3 e6 2. e4 Bc5 3. d4 Bb6 4. Bf4 f5 5. Bg5 Nf6 6. exf5 exf5 7. Bc4 Qe7+ 8.
Ne5 Nc6 9. Bxf6 gxf6 10. Qh5+ Kd8 11. Qxf5 Nxe5 12. dxe5 fxe5 13. Nc3 Bd4 14.
O-O d6 15. Nd5 Qg7 16. Qe4 Bxb2 17. Qh4+ Ke8 18. Nf6+ Kf8 19. Rae1 Bf5 20. f3
Bxc2 21. Rf2 Bd4 22. f4 exf4 23. Nh5 Qg6 24. Re6 Qg8 25. Qe7# 1-0

[Event "yuri2090"]
[Site "http://www.queenalice.com/game.php?id=583436"]
[Date "2009.5.5"]
[Round "-"]
[White "foda"]
[Black "yuri2090"]
[Result "0-1"]
[WhiteElo "1329"]
[BlackElo "1126"]

1. e4 e5 2. Bc4 Nh6 3. d3 Bc5 4. Bxh6 gxh6 5. Qf3 O-O 6. Qg3+ Kh8 7. Qxe5+ f6 8.
Qxc5 Nc6 9. Nf3 d6 10. Qh5 Kg7 11. Bd5 Nb4 12. Bb3 Re8 13. Nd4 c5 14. a3 Na6 0-1

[Event "Challenge"]
[Site "http://www.queenalice.com/game.php?id=644858"]
[Date "2009.8.30"]
[Round "-"]
[White "yuri2090"]
[Black "Tourinho"]
[Result "0-1"]
[WhiteElo "1150"]
[BlackElo "1716"]

1. e4 e5 2. Bc4 Nf6 3. f3 Bc5 4. Nc3 Nc6 5. d3 O-O 6. Nh3 h6 7. f4 d6 8. f5 a6
9. Nd5 b5 10. Bb3 Nd4 11. c3 Nc6 12. d4 exd4 13. O-O dxc3+ 14. Kh1 Nxe4 15. Nhf4
Nf2+ 16. Rxf2 Bxf2 17. bxc3 Re8 18. Qd2 Re1+ 19. Qxe1 Bxe1 0-1